[Event "Oebro CXU Nytaar 2024"]
[Site "Copenhagen"]
[Date "2024.12.27"]
[Round "2.3"]
[White "Veiergang, Oscar Jacob"]
[Black "Heimisson, Hilmir Freyr"]
[Result "0-1"]
[WhiteElo "2170"]
[BlackElo "2403"]
[WhiteFideId "1470183"]
[BlackFideId "2309998"]
[EventDate "2024.12.27"]
[EventType "swiss"]
[EventRounds "7"]
[EventCountry "DEN"]
[SourceTitle "Live v. Obro Skakforening"]

1. e4 e6 2. d4 d5 3. e5 c5 4. c3 Qb6 5. a3 Nc6 6. Nf3 Nh6 7. b4 cxd4 8. cxd4 Nf5 9. Bb2 Bd7 10. g4 Nh6 11. h3 Rc8 12. Nc3 Na5 13. Na4 Qc6 14. Rc1 Nc4 15. Bxc4 dxc4 16. Nc5 Ng8 17. Rg1 h5 18. Nd2 hxg4 19. Qxg4 Nh6 20. Qf4 Nf5 21. Nxc4 Rh4 22. Qd2 Bxc5 23. dxc5 Qe4+ 24. Qe2 Bb5 25. Rg4 Qh1+ 26. Qf1 Rxh3 27. Qxh1 Rxh1+ 28. Kd2 Rxc1 29. Kxc1 Bxc4 30. Rxc4 b5 31. Rc2 Kd7 32. Kd1 Rh8 33. Ke2 Rh3 34. Rd2+ Kc7 35. Rd3 Rh1 36. Rd2 Rb1 37. Kd3 Re1 38. Re2 Rxe2 39. Kxe2 Kc6 40. Kd3 Kd5 41. f4 Ne7 42. Bd4 Nc6 43. Bc3 a6 44. Bd2 g5 45. Be3 a5 46. bxa5 gxf4 0-1

[Event "Oebro CXU Nytaar 2024"]
[Site "Copenhagen"]
[Date "2024.12.27"]
[Round "2.4"]
[White "Reimanis, Ritvars"]
[Black "Moe, Mogens"]
[Result "1-0"]
[WhiteElo "2339"]
[BlackElo "2130"]
[WhiteFideId "11602988"]
[BlackFideId "1400550"]
[EventDate "2024.12.27"]
[EventType "swiss"]
[EventRounds "7"]
[EventCountry "DEN"]
[SourceTitle "Live v. Obro Skakforening"]

1. Nf3 Nf6 2. c4 g6 3. Nc3 Bg7 4. e4 c5 5. Rb1 Nc6 6. a3 d6 7. h3 Nd4 8. d3 O-O 9. Be2 Ne8 10. h4 Nxe2 11. Nxe2 Bg4 12. Nh2 Bd7 13. h5 Nc7 14. Be3 b5 15. Qd2 Re8 16. hxg6 fxg6 17. Nf3 bxc4 18. dxc4 Bc6 19. Qd3 Qd7 20. b4 Qg4 21. Ng3 Rad8 22. Rh4 Qc8 23. Ng5 Bf6 24. Rh3 Bxg5 25. Bxg5 Ne6 26. Be3 Rf8 27. Rh4 Rf7 28. f4 Ng7 29. Rd1 cxb4 30. axb4 e6 31. b5 Be8 32. c5 d5 33. f5 Qb8 34. Bf4 Qxb5 35. Qxb5 Bxb5 36. f6 Ne8 37. e5 a5 38. Ne4 Nc7 39. Ng5 Rdd7 40. Bd2 a4 41. Ba5 a3 42. Rb4 Ba6 43. c6 1-0

[Event "Oebro CXU Nytaar 2024"]
[Site "Copenhagen"]
[Date "2024.12.27"]
[Round "2.5"]
[White "Thorsbro, Peter"]
[Black "Hagen, Andreas Skytte"]
[Result "1/2-1/2"]
[WhiteElo "2139"]
[BlackElo "2334"]
[WhiteFideId "1406671"]
[BlackFideId "1407341"]
[EventDate "2024.12.27"]
[EventType "swiss"]
[EventRounds "7"]
[EventCountry "DEN"]
[SourceTitle "Live v. Obro Skakforening"]

1. d4 Nf6 2. c4 g6 3. Nf3 Bg7 4. Nc3 O-O 5. e4 d6 6. Be2 e5 7. Be3 Nbd7 8. O-O Qe7 9. d5 c5 10. dxc6 bxc6 11. Qa4 Rb8 12. Rfd1 Rxb2 13. Qa3 Rb7 14. Qxd6 Qxd6 15. Rxd6 Rc7 16. Nd2 Re8 17. Na4 Bf8 18. Rd3 Bb4 19. f3 Nh5 20. Rb1 Be7 21. Bf1 Nf4 22. Rc3 c5 23. g3 Ne6 24. Rcc1 Bg5 25. Bxg5 Nxg5 26. Nc3 Rc6 27. Nd5 Kg7 28. h4 Ne6 29. Bh3 Nd4 30. Kf2 f5 31. exf5 gxf5 32. Nb3 Nf6 33. Nd2 Nxd5 34. cxd5 Rc7 35. Nc4 Kf6 36. Re1 Ba6 37. Ne3 Bd3 38. d6 Rd7 39. Rbd1 c4 40. Nxc4 Bxc4 41. Rxd4 exd4 42. Rxe8 Rxd6 43. Ke1 Bxa2 44. Rf8+ Kg7 45. Rxf5 Rd5 46. Rf4 a5 47. Kd2 Bb1 48. Be6 Rd6 49. Bc4 Rf6 50. Rg4+ Rg6 51. Rxd4 Rxg3 52. Be2 Kh6 53. Ra4 Kh5 54. Ke3 Rh3 55. Rxa5+ Kxh4 56. Kf4 Rh2 57. Ra6 Bg6 58. Bd3 1/2-1/2

[Event "Oebro CXU Nytaar 2024"]
[Site "Copenhagen"]
[Date "2024.12.27"]
[Round "2.6"]
[White "Nilssen, John Arni"]
[Black "Rosenlund, Thorbjorn"]
[Result "1-0"]
[WhiteElo "2330"]
[BlackElo "2120"]
[WhiteFideId "7200137"]
[BlackFideId "1400614"]
[EventDate "2024.12.27"]
[EventType "swiss"]
[EventRounds "7"]
[EventCountry "DEN"]
[SourceTitle "Live v. Obro Skakforening"]

1. c4 c5 2. g3 Nc6 3. Bg2 g6 4. Nc3 Bg7 5. a3 a6 6. e3 b5 7. Nxb5 axb5 8. cxb5 d5 9. bxc6 e6 10. Ne2 Ne7 11. O-O Ba6 12. Re1 Nxc6 13. d4 Bxe2 14. Rxe2 cxd4 15. e4 dxe4 16. Bxe4 Qd7 17. Bf4 O-O 18. Rc1 Rac8 19. Rec2 Ne5 20. Rc5 f5 21. Bb1 Nf7 22. Ba2 Rxc5 23. Rxc5 d3 24. Rc7 Qb5 25. Bxe6 Bxb2 26. Bc4 Qe8 27. Qxd3 1-0

[Event "Oebro CXU Nytaar 2024"]
[Site "Copenhagen"]
[Date "2024.12.27"]
[Round "2.7"]
[White "Jarlskov, Daniel Tuk Hartso"]
[Black "Ramsdal, Jens Albert"]
[Result "0-1"]
[WhiteElo "2100"]
[BlackElo "2299"]
[BlackFideId "1429221"]
[EventDate "2024.12.27"]
[EventType "swiss"]
[EventRounds "7"]
[EventCountry "DEN"]
[SourceTitle "Live v. Obro Skakforening"]

1. d4 d5 2. c4 c6 3. Nf3 Nf6 4. g3 Bf5 5. Bg2 e6 6. O-O h6 7. Nc3 Nbd7 8. Bf4 Be7 9. Re1 O-O 10. Ne5 g5 11. Nxd7 Nxd7 12. Bc1 dxc4 13. e4 Bg6 14. a4 a6 15. a5 c5 16. d5 Ne5 17. Qa4 b5 18. axb6 Qxb6 19. f4 Nd3 20. Rf1 Nb4 21. Qd1 Rad8 22. f5 exf5 23. exf5 Bh7 24. Qg4 Qf6 25. Qxc4 Qd4+ 26. Qxd4 cxd4 27. Ne4 Rxd5 28. g4 Rb5 29. Rd1 a5 30. Ra4 Rc8 31. Bd2 Rd8 32. Bf1 Re5 33. Nf2 Rb8 34. Bxb4 Bxb4 35. Rxd4 Bc5 36. Rd2 Kf8 37. Kg2 Bb4 38. Rc2 Bg8 39. Bc4 Rc8 40. b3 f6 41. Ra1 Bd5+ 42. Kf1 Re3 43. Rac1 Bb7 44. Nd3 Rxc4 45. Rxc4 Rxd3 46. Rc7 Ba6 47. R1c6 Rd7+ 48. Kf2 Rxc7 49. Rxc7 Bd3 50. Rc6 Ke7 51. Re6+ Kf7 52. Rc6 Be4 53. Rc7+ Ke8 54. Ke3 Bd5 55. Kd4 Bxb3 56. h3 a4 57. Rb7 Bd6 58. Ra7 a3 59. Ra8+ Kd7 60. Ra7+ Kc8 61. Ra6 Be5+ 62. Kc5 a2 63. Kc6 a1=Q 0-1

[Event "Oebro CXU Nytaar 2024"]
[Site "Copenhagen"]
[Date "2024.12.27"]
[Round "2.8"]
[White "Gjesme, Marius Enevold"]
[Black "Bank, Pelle Rodkjaer"]
[Result "1-0"]
[WhiteElo "2118"]
[BlackElo "2269"]
[WhiteFideId "1466488"]
[BlackFideId "1402889"]
[EventDate "2024.12.27"]
[EventType "swiss"]
[EventRounds "7"]
[EventCountry "DEN"]
[SourceTitle "Live v. Obro Skakforening"]

1. e4 g6 2. d4 Bg7 3. Nc3 c6 4. h3 d5 5. e5 Nh6 6. Bf4 f6 7. Nf3 O-O 8. Qd2 Nf7 9. O-O-O Qa5 10. Kb1 Na6 11. g4 Nc7 12. exf6 exf6 13. Bd3 Re8 14. Rdg1 Ne6 15. Be3 b5 16. Nh4 b4 17. Ne2 Neg5 18. Ng3 Ne4 19. Nxe4 dxe4 20. Bc4 Be6 21. Qe2 Bxc4 22. Qxc4 Qd5 23. Qxd5 cxd5 24. Ng2 g5 25. Bd2 Reb8 26. Ne3 Rb5 27. h4 Nd6 28. Nf5 Nxf5 29. gxf5 h6 30. Rg3 Kf7 31. c3 b3 32. a3 Rb7 33. Rc1 Rc7 34. h5 Bf8 35. c4 dxc4 36. Rxb3 Rd8 37. Be3 Rd5 38. Rbc3 Rxf5 39. Rxc4 Rxc4 40. Rxc4 Bd6 41. Ra4 a5 42. Kc2 Rb5 43. Bd2 g4 44. Rxa5 Rxa5 45. Bxa5 f5 46. a4 f4 47. Be1 Ke6 48. b4 Kd5 49. Kc3 f3 50. a5 g3 51. fxg3 Bxb4+ 52. Kxb4 e3 53. a6 f2 54. Bxf2 exf2 55. a7 f1=Q 56. a8=Q+ Kxd4 57. Qh8+ Kd5 58. Qg8+ Kd4 59. Qg7+ Kd5 60. Qxh6 Qc4+ 61. Ka5 Qc3+ 62. Kb6 Qb4+ 63. Kc7 Qc3+ 64. Kd7 Qxg3 65. Qc6+ Kd4 66. Qd6+ 1-0

[Event "Oebro CXU Nytaar 2024"]
[Site "Copenhagen"]
[Date "2024.12.27"]
[Round "2.9"]
[White "De Vleeschauwer, Maarten"]
[Black "Brorsen, Jacob Abildlund"]
[Result "1-0"]
[WhiteElo "2256"]
[BlackElo "2114"]
[WhiteFideId "214809"]
[BlackFideId "1411233"]
[EventDate "2024.12.27"]
[EventType "swiss"]
[EventRounds "7"]
[EventCountry "DEN"]
[SourceTitle "Live v. Obro Skakforening"]

1. e4 e5 2. Nf3 Nc6 3. Bc4 Nf6 4. Ng5 d5 5. exd5 Na5 6. Bb5+ c6 7. dxc6 bxc6 8. Bd3 h6 9. Ne4 Nd5 10. O-O Be7 11. Re1 O-O 12. Ng3 Bc5 13. Qf3 Re8 14. a3 Nb7 15. Nc3 Bf8 16. Bc4 e4 17. Rxe4 Nd6 18. Rxe8 Qxe8 19. Bf1 Qe5 20. Nxd5 cxd5 21. Qe3 Qf6 22. d4 Be6 23. Bd2 g6 24. Qf4 Qd8 25. Bb4 h5 26. h3 a5 27. Bc5 h4 28. Ne2 g5 29. Qf3 Bg7 30. Bxd6 Qxd6 31. Qe3 Bf6 32. c3 Bd8 33. Nc1 f6 34. Nd3 Bc7 35. f4 gxf4 36. Qf3 Rf8 37. Re1 Bf5 38. Nc5 Kg7 39. Bd3 Bc8 40. Qh5 f5 41. Qg5+ Qg6 42. Re7+ Rf7 43. Rxf7+ Kxf7 44. Qxg6+ Kxg6 45. Ba6 Bxa6 46. Nxa6 Bd6 47. Nc5 Kf6 48. Nd3 a4 49. Kf2 Ke6 50. Kf3 Kd7 51. Nxf4 Kc6 52. Ng6 Kb5 53. Ne5 1-0

[Event "Oebro CXU Nytaar 2024"]
[Site "Copenhagen"]
[Date "2024.12.27"]
[Round "2.10"]
[White "Porte, Henrik"]
[Black "Hansen, Soren Bech"]
[Result "0-1"]
[WhiteElo "2096"]
[BlackElo "2256"]
[WhiteFideId "1016326"]
[BlackFideId "1400681"]
[EventDate "2024.12.27"]
[EventType "swiss"]
[EventRounds "7"]
[EventCountry "DEN"]
[SourceTitle "Live v. Obro Skakforening"]

1. d4 Nf6 2. c4 e6 3. Nc3 Bb4 4. Qc2 O-O 5. a3 Bxc3+ 6. Qxc3 b6 7. Nf3 Ba6 8. b4 d5 9. b5 Bb7 10. c5 c6 11. a4 Ne4 12. Qc2 bxc5 13. dxc5 Nd7 14. Nd4 Rc8 15. e3 Qa5+ 16. Bd2 Nxd2 17. Qxd2 Qxd2+ 18. Kxd2 Nxc5 19. bxc6 Bxc6 20. Bb5 Ba8 21. f4 Ne4+ 22. Ke2 Rc7 23. Rhc1 Rfc8 24. Rxc7 Rxc7 25. Bd3 Kf8 26. Nb5 Rd7 27. Rc1 Ke7 28. Rc8 Bb7 29. Rg8 a6 30. Nd4 g6 31. Rh8 h5 32. Nf3 Rc7 33. Ne5 Kf6 34. a5 Kg7 35. Rb8 Nc5 36. Bc2 f6 37. Nd3 Nd7 38. Rd8 Rxc2+ 0-1

[Event "Oebro CXU Nytaar 2024"]
[Site "Copenhagen"]
[Date "2024.12.27"]
[Round "2.11"]
[White "Terryn, Ezra"]
[Black "Gregor, Bjarke"]
[Result "1-0"]
[WhiteElo "2236"]
[BlackElo "2094"]
[WhiteFideId "233196"]
[BlackFideId "1423401"]
[EventDate "2024.12.27"]
[EventType "swiss"]
[EventRounds "7"]
[EventCountry "DEN"]
[SourceTitle "Live v. Obro Skakforening"]

1. d4 Nf6 2. c4 e6 3. g3 d5 4. Bg2 a6 5. Nf3 dxc4 6. O-O Nc6 7. Nbd2 Nxd4 8. Nxc4 Nxf3+ 9. Bxf3 Be7 10. Na5 Qxd1 11. Rxd1 Nd5 12. e4 Nb6 13. Bf4 c6 14. Bc7 Nd7 15. e5 Bd8 16. Bxd8 Kxd8 17. Nc4 Ke7 18. Bg2 f6 19. f4 fxe5 20. fxe5 Rf8 21. Rd2 Rf5 22. Rad1 Nxe5 23. Nb6 Rb8 24. Rd8 Rf8 25. Rxf8 Kxf8 26. Rd8+ Ke7 27. Rxc8 Rxc8 28. Nxc8+ Kd7 29. Nb6+ Kc7 30. Na4 b6 31. Kf1 c5 32. Bh3 Kc6 33. Bxe6 b5 34. Nc3 Nd3 35. b3 b4 36. Na4 Nc1 37. Ke1 Nxa2 38. Kd2 a5 39. Kc2 Kd6 40. Bg8 h5 41. Kb2 Nc3 42. Nxc3 bxc3+ 43. Kxc3 h4 44. gxh4 Kc6 45. Kc4 Kb6 46. Bf7 1-0

[Event "Oebro CXU Nytaar 2024"]
[Site "Copenhagen"]
[Date "2024.12.27"]
[Round "2.12"]
[White "Slavensky, Asbjorn Vesterkaer"]
[Black "Loftgaard, Mikkel Vinh"]
[Result "0-1"]
[WhiteElo "2051"]
[BlackElo "2221"]
[BlackFideId "1468480"]
[EventDate "2024.12.27"]
[EventType "swiss"]
[EventRounds "7"]
[EventCountry "DEN"]
[SourceTitle "Live v. Obro Skakforening"]

1. d4 Nf6 2. c4 e6 3. Nf3 d5 4. Nc3 Bb4 5. Bg5 h6 6. Bxf6 Qxf6 7. Qb3 c5 8. e3 O-O 9. a3 Bxc3+ 10. Qxc3 cxd4 11. Qxd4 Qe7 12. Be2 Nc6 13. Qc3 dxc4 14. Bxc4 e5 15. Bd5 e4 16. Bxc6 bxc6 17. Qe5 Qd7 18. Qxe4 Ba6 19. Rd1 Qc7 20. Qe5 Qb7 21. b4 Rad8 22. Rxd8 Rxd8 23. Nd4 c5 24. b5 cxd4 25. O-O Qxb5 26. Qxb5 Bxb5 27. Rd1 d3 28. f3 d2 0-1

[Event "Oebro CXU Nytaar 2024"]
[Site "Copenhagen"]
[Date "2024.12.27"]
[Round "2.13"]
[White "Zander, Emil"]
[Black "Skou, Niels"]
[Result "1-0"]
[WhiteElo "2214"]
[BlackElo "2073"]
[WhiteFideId "1467123"]
[BlackFideId "1413155"]
[EventDate "2024.12.27"]
[EventType "swiss"]
[EventRounds "7"]
[EventCountry "DEN"]
[SourceTitle "Live v. Obro Skakforening"]

1. e4 e5 2. Nf3 Nc6 3. Bc4 Bc5 4. c3 Nf6 5. d3 a6 6. a4 Ba7 7. O-O d6 8. Re1 O-O 9. h3 h6 10. Nbd2 Re8 11. b4 Be6 12. Bxe6 Rxe6 13. Bb2 Ne7 14. Nf1 Ng6 15. c4 Qd7 16. Ng3 Rae8 17. Qc2 Qd8 18. d4 exd4 19. Nxd4 Bxd4 20. Bxd4 c5 21. bxc5 dxc5 22. Bxc5 Qc7 23. Bd4 Qc6 24. Rab1 Rc8 25. c5 b6 26. Qb2 bxc5 27. Rbc1 c4 28. Nf5 Nf4 29. Bxf6 Nd3 30. Qd2 Nxe1 31. Rxe1 c3 32. Qc1 Qc5 33. Bxg7 c2 34. Bxh6 Rce8 35. Ng7 Rxh6 36. Qxh6 Rxe4 37. Rc1 Re2 38. Qf4 Qc3 39. Nf5 Re1+ 40. Kh2 Rxc1 41. Qxc1 Qe5+ 42. Ng3 Qc7 43. Kg1 Qc4 44. Nf5 Qxa4 45. Qg5+ Kf8 46. Qd8+ Qe8 47. Qd6+ Kg8 48. Qg3+ 1-0

[Event "Oebro CXU Nytaar 2024"]
[Site "Copenhagen"]
[Date "2024.12.27"]
[Round "2.14"]
[White "Li, Anna Sofie"]
[Black "Meskenas, Paulius"]
[Result "1/2-1/2"]
[WhiteElo "2073"]
[BlackElo "2203"]
[WhiteFideId "1472119"]
[BlackFideId "12809969"]
[EventDate "2024.12.27"]
[EventType "swiss"]
[EventRounds "7"]
[EventCountry "DEN"]
[SourceTitle "Live v. Obro Skakforening"]

1. e4 c5 2. Nf3 Nc6 3. d4 cxd4 4. Nxd4 Nf6 5. Nc3 e5 6. Ndb5 d6 7. Bg5 a6 8. Na3 b5 9. Nd5 Be7 10. Bxf6 Bxf6 11. c3 O-O 12. Nc2 Rb8 13. Be2 Bg5 14. O-O f5 15. exf5 Bxf5 16. Bg4 e4 17. Bxf5 Rxf5 18. Qg4 Re5 19. Rad1 Qc8 20. Qxc8+ Rxc8 21. Rfe1 Na5 22. Ncb4 Nc4 23. b3 Nb2 24. Rd4 a5 25. Nc2 Rc5 26. Nce3 Nd3 27. Rd1 Bxe3 28. Nxe3 Rxc3 29. Rxd6 a4 30. bxa4 bxa4 31. Rd4 Nb2 32. Re1 Ra3 33. Ra1 Rd3 34. Rb4 a3 35. Kf1 Re8 36. Rc1 Rxe3 37. fxe3 Nd3 38. Rcc4 Rf8+ 39. Kg1 Nxb4 40. Rxb4 Rc8 41. Rxe4 Rc2 42. Ra4 Rxa2 43. Ra7 h6 44. e4 Kh7 45. Ra6 g5 46. h3 h5 47. g3 Kg7 48. e5 Kf7 49. Kh1 Ke7 50. Kg1 Kd7 51. Kh1 Kc7 52. e6 Kd8 53. Ra7 Ke8 1/2-1/2

[Event "Oebro CXU Nytaar 2024"]
[Site "Copenhagen"]
[Date "2024.12.27"]
[Round "2.15"]
[White "Medhus, Vitus Bondo"]
[Black "Jalving, August"]
[Result "0-1"]
[WhiteElo "2275"]
[BlackElo "2178"]
[WhiteFideId "1462547"]
[BlackFideId "1471759"]
[EventDate "2024.12.27"]
[EventType "swiss"]
[EventRounds "7"]
[EventCountry "DEN"]
[SourceTitle "Live v. Obro Skakforening"]

1. e4 c5 2. Nc3 Nc6 3. f4 g6 4. Nf3 Bg7 5. a3 a6 6. Be2 e6 7. b4 cxb4 8. axb4 Nxb4 9. Ba3 Nc6 10. Bd6 Bf8 11. Nb5 axb5 12. Bxf8 Kxf8 13. Rxa8 Nf6 14. Qa1 Ke7 15. e5 Nd5 16. Bxb5 Kf8 17. Bxc6 dxc6 18. Qd4 Kg7 19. O-O Qc7 20. Rb1 Rd8 21. Qa4 Nb6 22. Qa5 Nxa8 23. Qxa8 c5 24. Qa7 c4 25. Qb6 Rd7 26. c3 Qc6 27. Qxc6 bxc6 28. Rb6 c5 29. Kf1 Bb7 30. Ne1 g5 31. g3 gxf4 32. gxf4 Kg6 33. Ke2 Kf5 34. Ke3 Kg4 35. Rb5 Rc7 36. Ra5 Bd5 37. Rb5 Bb7 38. Ra5 Bd5 39. Ra6 Kh3 40. Nf3 Kg2 41. Ng5 h5 42. h3 Rb7 43. Ra1 Rd7 44. Rb1 Bf3 45. d4 cxd4+ 46. cxd4 Bd5 47. Rb2+ Kg3 48. Rc2 Rb7 49. Rc3 Rb3 50. Kd2+ Kxf4 51. Nxf7 h4 52. Nd6 Rb2+ 53. Kc1 Rg2 54. Nxc4 Ke4 55. Nd2+ Kxd4 56. Ra3 Rg3 57. Ra4+ Kc3 58. Nb1+ Kb3 59. Ra3+ Kb4 60. Kb2 Rxa3 61. Nxa3 Bg2 62. Nc2+ Kc5 63. Kc3 Bxh3 64. Ne3 Bf5 65. Kd2 h3 66. Nf1 Kd4 67. Nh2 Ke4 68. Ke2 Kf4 69. Kf2 Bd3 70. Nf3 Be4 71. Nh2 Bg2 72. Nf1 Bxf1 73. Kxf1 Kxe5 0-1

[Event "Oebro CXU Nytaar 2024"]
[Site "Copenhagen"]
[Date "2024.12.27"]
[Round "2.17"]
[White "Ertbjerg, Andreas Lund"]
[Black "Hansen, Claus Ago"]
[Result "1-0"]
[WhiteElo "2045"]
[BlackElo "1870"]
[WhiteFideId "1412914"]
[BlackFideId "1471511"]
[EventDate "2024.12.27"]
[EventType "swiss"]
[EventRounds "7"]
[EventCountry "DEN"]
[SourceTitle "Live v. Obro Skakforening"]

1. e4 g6 2. d4 Bg7 3. Nc3 d6 4. Be3 a6 5. Qd2 b5 6. a4 b4 7. Nce2 a5 8. Ng3 Ba6 9. Bxa6 Nxa6 10. Nf3 h5 11. Bg5 c5 12. c3 Qc7 13. O-O Bf6 14. Rfe1 Rd8 15. Qe2 Nb8 16. e5 dxe5 17. dxe5 Bxg5 18. Nxg5 e6 19. cxb4 cxb4 20. Rac1 Qe7 21. N3e4 Kf8 22. Qb5 Qa7 23. Nd6 Nh6 24. Ndxf7 Nxf7 25. Rc7 Qd4 26. Nxe6+ 1-0

[Event "Oebro CXU Nytaar 2024"]
[Site "Copenhagen"]
[Date "2024.12.27"]
[Round "2.18"]
[White "Vehl, Tina"]
[Black "Kakulidis, Ellen"]
[Result "0-1"]
[WhiteElo "1839"]
[BlackElo "2037"]
[WhiteFideId "1418262"]
[BlackFideId "1444972"]
[EventDate "2024.12.27"]
[EventType "swiss"]
[EventRounds "7"]
[EventCountry "DEN"]
[SourceTitle "Live v. Obro Skakforening"]

1. e4 e5 2. Nf3 Nc6 3. d4 exd4 4. Nxd4 Bc5 5. Nb3 Bb6 6. Nc3 d6 7. Qe2 a5 8. a4 Nb4 9. Nd5 Nxd5 10. exd5+ Ne7 11. Bg5 f6 12. Bf4 O-O 13. Qd2 Ng6 14. O-O-O Qe8 15. Bb5 Bd7 16. Rde1 Ne5 17. Qe2 Bxb5 18. axb5 a4 19. Na1 a3 20. bxa3 Rxa3 21. Nb3 Qa8 22. Bxe5 fxe5 23. Ref1 Ra1+ 24. Kd2 Ba5+ 25. Kd3 Rxf1 26. Rxf1 Rf4 27. f3 Qe8 28. c4 Qg6+ 29. Ke3 Bb6+ 30. Kd2 Qh6 31. Kc2 Qxh2 32. Nd2 Bd4 33. Ne4 Qh5 34. g4 Qg6 35. Rh1 h6 36. Kb3 Qf7 37. Rf1 Qf8 38. Ng3 Qa8 39. Nf5 Qa5 40. Qc2 Bc5 41. Qc3 Qa3+ 42. Kc2 Qa2+ 43. Kd3 Qg2 44. Qd2 0-1

[Event "Oebro CXU Nytaar 2024"]
[Site "Copenhagen"]
[Date "2024.12.27"]
[Round "2.19"]
[White "Boje, Tobias Rosholm"]
[Black "Peitersen, Andreas"]
[Result "1-0"]
[WhiteElo "2027"]
[BlackElo "1841"]
[WhiteFideId "1413643"]
[BlackFideId "1479814"]
[EventDate "2024.12.27"]
[EventType "swiss"]
[EventRounds "7"]
[EventCountry "DEN"]
[SourceTitle "Live v. Obro Skakforening"]

1. e4 c5 2. Nf3 Nc6 3. Bb5 g6 4. O-O Bg7 5. Re1 Qb6 6. Na3 Nd4 7. Nxd4 cxd4 8. d3 Nf6 9. Qf3 O-O 10. e5 Ne8 11. Bc4 Nc7 12. Bb3 Qc5 13. Bf4 Ne6 14. Bg3 Rb8 15. Qd5 Qxd5 16. Bxd5 b5 17. f3 b4 18. Nc4 Bb7 19. Bxb7 Rxb7 20. Bf2 Rd8 21. g3 d5 22. Na5 Rc7 23. Re2 Rdc8 24. Rc1 Nc5 25. Rd1 Na4 26. Bxd4 Rxc2 27. Rdd2 Rc1+ 28. Kg2 Nb6 29. Bxb6 axb6 30. Nb3 R1c7 31. Nd4 Ra8 32. b3 e6 33. f4 Bf8 34. Rc2 Rac8 35. Rxc7 Rxc7 36. Rc2 Rc5 37. Kf3 Kg7 38. Ke3 Be7 39. Kd2 Kf8 40. Nc6 Ke8 41. Nxb4 Rxc2+ 42. Nxc2 g5 43. Kc3 gxf4 44. gxf4 Kf8 45. a4 Kg7 46. b4 Kg6 47. Nd4 Bd8 48. Nc6 Bc7 49. Kd4 Kf5 50. Ke3 Kg4 51. a5 bxa5 52. bxa5 Kh3 53. a6 Bb6+ 54. Kf3 1-0

[Event "Oebro CXU Nytaar 2024"]
[Site "Copenhagen"]
[Date "2024.12.27"]
[Round "2.20"]
[White "Ravikumar, Hanesh"]
[Black "Saravana, Vedant Kumar"]
[Result "0-1"]
[WhiteElo "1784"]
[BlackElo "2021"]
[WhiteFideId "1481878"]
[BlackFideId "45059730"]
[EventDate "2024.12.27"]
[EventType "swiss"]
[EventRounds "7"]
[EventCountry "DEN"]
[SourceTitle "Live v. Obro Skakforening"]

1. c4 e5 2. g3 Be7 3. Bg2 f5 4. Nc3 Nf6 5. d3 O-O 6. Nf3 Nc6 7. O-O d6 8. Rb1 a5 9. a3 d5 10. cxd5 Nxd5 11. Nxd5 Qxd5 12. Ng5 e4 13. dxe4 Qxd1 14. Rxd1 h6 15. Nh3 Bc5 16. Nf4 fxe4 17. Bxe4 Ne5 18. Rd5 Bd6 19. Bd2 g5 20. Nd3 Nc4 21. Bc3 Be6 22. Rb5 Rae8 23. Bxb7 Nb6 24. Rxa5 Rb8 25. Bc6 Nc4 26. Rb5 Rbd8 27. Nb4 Nb6 28. Nd5 Nc8 29. Nf6+ Kf7 30. e4 Na7 31. Be8+ Rdxe8 32. Rb7 Ra8 33. e5 Be7 34. Rxc7 Nb5 35. Rc6 Nxc3 36. Rxc3 Bxf6 37. exf6 Kxf6 38. Rf3+ Kg7 39. Rxf8 Kxf8 40. Rc1 Ke7 41. Rc7+ Kf6 42. f3 Rd8 43. Rc2 Rd3 44. f4 g4 45. Re2 Bc4 46. Rc2 Bb5 47. Kh1 Ba4 48. Re2 Bd1 49. Rf2 Kf5 50. Kg1 Ke4 51. f5 Bf3 52. f6 Rd6 53. f7 Rf6 54. Rc2 Rxf7 55. Rc4+ Kd5 56. Rc2 Re7 57. Kf2 Kd4 58. Rd2+ Kc4 59. h3 h5 60. hxg4 hxg4 61. Kg1 Kb3 62. Kf2 Re6 63. Kg1 Rh6 64. Kf1 Rh1+ 65. Kf2 Rh2+ 66. Ke3 Rxd2 67. Kxd2 Kxb2 68. a4 Kb3 69. a5 Kb4 70. a6 Kb5 71. a7 Kb6 72. a8=Q Bxa8 73. Ke3 Kc5 74. Kf2 Kd4 75. Kf1 Ke3 76. Kg1 Kf3 77. Kh2 Bc6 78. Kg1 Kxg3 79. Kf1 Kh2 80. Kf2 g3+ 0-1

[Event "Oebro CXU Nytaar 2024"]
[Site "Copenhagen"]
[Date "2024.12.28"]
[Round "3.1"]
[White "Ochsner, Bjorn Moller"]
[Black "De Vleeschauwer, Maarten"]
[Result "1/2-1/2"]
[WhiteElo "2503"]
[BlackElo "2256"]
[WhiteFideId "1416928"]
[BlackFideId "214809"]
[EventDate "2024.12.27"]
[EventType "swiss"]
[EventRounds "7"]
[EventCountry "DEN"]
[SourceTitle "Live v. Obro Skakforening"]

1. e4 e5 2. Nf3 Nc6 3. Bb5 a6 4. Ba4 Bc5 5. c3 Nge7 6. d4 exd4 7. cxd4 Bb4+ 8. Nc3 d5 9. e5 O-O 10. h3 f6 11. exf6 Rxf6 12. O-O h6 13. Be3 Be6 14. Rc1 b5 15. Bb3 Qd7 16. Ne5 Nxe5 17. dxe5 Rf7 18. Ne4 Ng6 19. Qd4 Be7 20. Rfd1 c6 21. Nc5 Bxc5 22. Rxc5 Raf8 23. Rdc1 Ne7 24. Bc2 Bf5 25. Bd1 Qe6 26. Bh5 g6 27. Be2 Kh7 28. Qh4 h5 29. Qd4 Be4 30. Qc3 Rf5 31. f3 Rxe5 32. Bd4 Rg5 33. h4 Rxg2+ 34. Kxg2 Qg4+ 35. Kf2 Qxh4+ 36. Kf1 Qh1+ 37. Kf2 Qh4+ 38. Kf1 Qh1+ 39. Kf2 Qh4+ 1/2-1/2